| 000 | 00696nam a2200193Ia 4500 | ||
|---|---|---|---|
| 003 | GCL | ||
| 008 | 140319s9999 xx 000 0 ara d | ||
| 040 |
_aGCL / _cGCL |
||
| 082 | 0 | 4 |
_aق _b316.2 _bج م |
| 100 | 1 | _aالجهاز المركزى للتعبئة العامة | |
| 245 | 1 | 0 |
_aالمؤشرات الاحصائية لجمهورية مصر العربية1952 - 1973 / _cالجهاز المركزى للتعبئة العامة |
| 300 | _a265 ص | ||
| 490 |
_aالهيئة العامة للاستعلامات _v0 |
||
| 650 | 0 | 4 | _aالاحصاء |
| 650 | 0 | 4 | _aالاحصاء التحليلى |
| 650 | 0 | 4 | _aالاحصائيات |
| 650 | 0 | 4 | _aمصر - الاحصائيات |
| 942 |
_2ddc _cBK |
||
| 999 |
_c50685 _d50685 |
||